000 00839nam a2200181Ia 4500
008 100921s9999 xx 000 0 und d
082 _b33185
_a618.92 न 00
100 _aतांबोळी सुचित.
245 _aमुलांच्या समृद्ध जीवनासाठी.
260 _bमेहता प्रकाशन, पुणे.
_c2000
300 _a172
_bशिदोरे श्रीकृष्ण.
365 _b100
520 _aतंत्रविज्ञान-बालचिकित्सा.
630 _aमुलांच्या समृद्ध जीवनासाठी.
650 _aतंत्रविज्ञान-बालचिकित्सा.
730 _aमुलांच्या समृद्ध जीवनासाठी.
942 _cBOOK
999 _c782298
_d782295